Психология и педагогика: современные методики и инновации, опыт практического применения (Запись № 11769784)

Подробности
000 -МАРКЕР
контрольное поле 02284nam0a2200397 4500
001 - ИДЕНТИФИКАТОР ЗАПИСИ
контрольное поле RU\NLR\BIBL_A\011454316
005 - ИДЕНТИФИКАТОР ВЕРСИИ
контрольное поле 20241103091426.0
021 ## - НОМЕР ГОСУДАРСТВЕННОЙ РЕГИСТРАЦИИ
Код страны Российская Федерация
Номер 2017-54003
Номер Листа государственной регистраци 3847
035 ## - ДРУГИЕ СИСТЕМНЫЕ НОМЕРА
Идентификатор записи (RuMoRGB)008945479
035 ## - ДРУГИЕ СИСТЕМНЫЕ НОМЕРА
Идентификатор записи (NLR Aleph) 011454316
100 ## - ДАННЫЕ ОБЩЕЙ ОБРАБОТКИ
Данные общей обработки 20170814d2017 k y0rusy50 ca
101 0# - ЯЗЫК РЕСУРСА
Язык текста, звукозаписи и т.д. русский
102 ## - СТРАНА ПУБЛИКАЦИИ ИЛИ ПРОИЗВОДСТВА
Страна публикации Российская Федерация
105 ## - ПОЛЕ КОДИРОВАННЫХ ДАННЫХ: ТЕКСТОВЫЕ МАТЕРИАЛЫ, МОНОГРАФИЧЕСКИЕ
Кодированные данные о монографическом текстовом документе a z 100zy
200 1# - ЗАГЛАВИЕ И СВЕДЕНИЯ ОБ ОТВЕТСТВЕННОСТИ
Основное заглавие Психология и педагогика: современные методики и инновации, опыт практического применения
Сведения, относящиеся к заглавию сборник материалов международной научно-практической конференции № XVI, Российская Федерация, г. Липецк, 31 мая 2017 г.
Первые сведения об ответственности [отв. ред. Е. М. Мосолова]
210 ## - ПУБЛИКАЦИЯ, РАСПРОСТРАНЕНИЕ И ДР.
Место издания, распространения и т.д. Липецк
Имя издателя, распространителя и т. д. РаДуши
Дата издания, распространения и т.д. 2017
215 ## - ФИЗИЧЕСКАЯ ХАРАКТЕРИСТИКА
Специфическое обозначение материала и объем 104 с.
Другие сведения о физической характеристике ил.
Размеры 21
300 ## - ОБЩИЕ ПРИМЕЧАНИЯ
Текст примечания Загл. обл. также на англ. яз.: Psychology and pedagogy: modern techniques and innovations, their practical experience
300 ## - ОБЩИЕ ПРИМЕЧАНИЯ
Текст примечания В надзаг.: Научно-исследовательский центр "Аксиома"
300 ## - ОБЩИЕ ПРИМЕЧАНИЯ
Текст примечания На обороте тит. л.: ISSN 2409-9015
320 ## - ПРИМЕЧАНИЯ О НАЛИЧИИ В ДОКУМЕНТЕ БИБЛИОГРАФИИ / УКАЗАТЕЛЯ
Текст примечания Библиогр. в конце ст.
512 1# - ЗАГЛАВИЕ ОБЛОЖКИ
Заглавие обложки Psychology and pedagogy: modern techniques and innovations, their practical experience
606 ## - НАИМЕНОВАНИЕ ТЕМЫ КАК ПРЕДМЕТ
Наименование темы Педагогика
Формальный подзаголовок Съезды, совещания и т.п
Системный номер авторитетной/нормативной записи 921924
Идентификатор авторитетной/нормативной записи RU\NLR\AUTH\6619222
606 ## - НАИМЕНОВАНИЕ ТЕМЫ КАК ПРЕДМЕТ
Наименование темы Психология
Формальный подзаголовок Съезды, совещания и т.п
Системный номер авторитетной/нормативной записи 931820
Идентификатор авторитетной/нормативной записи RU\NLR\AUTH\6624683
686 ## - ИНДЕКСЫ ДРУГИХ КЛАССИФИКАЦИЙ
Индекс Ю9я431(0)
Код системы
686 ## - ИНДЕКСЫ ДРУГИХ КЛАССИФИКАЦИЙ
Индекс Ч30я431(0)
Код системы
686 1# - ИНДЕКСЫ ДРУГИХ КЛАССИФИКАЦИЙ
Индекс Ю9я431
686 1# - ИНДЕКСЫ ДРУГИХ КЛАССИФИКАЦИЙ
Индекс Ч30я431
702 #1 - ИМЯ ЛИЦА - ВТОРИЧНАЯ ОТВЕТСТВЕННОСТЬ
Начальный элемент ввода Мосолова
Часть имени, кроме начального элемента ввода Е. М.
Расширение инициалов личного имени Елена Михайловна
Код отношения Редактор
711 12 - НАИМЕНОВАНИЕ ОРГАНИЗАЦИИ - АЛЬТЕРНАТИВНАЯ ОТВЕТСТВЕННОСТЬ
Начальный элемент ввода "Психология и педагогика: современные методики и инновации, опыт практического применения", международная научно-практическая конференция
Порядковый номер временной организации и / или порядковый номер ее части 16
Место проведения временной организации Липецк
Дата проведения временной организации 2017
Системный номер авторитетной/нормативной записи 549594
Идентификатор авторитетной/нормативной записи RU\NLR\AUTH\880442814
942 ## - ДОПОЛНИТЕЛЬНЫЕ ЭЛЕМЕНТЫ ЗАПИСИ (АБИС)
Тип экземпляра АБИС Книга
980 ## - КОЛЛЕКЦИЯ
Название коллекции НБР

Нет доступных экземпляров.